[Event "Porto Sant Elpidio op 18th"]
[Site "Porto Sant Elpidio"]
[Date "2015.11.22"]
[Round "2"]
[White "Iori, Massimiliano"]
[Black "Piergentili, Roberto"]
[Result "1-0"]
[WhiteElo "1891"]
[BlackElo "1776"]
[PlyCount "51"]
[EventDate "2015.11.21"]
[EventType "swiss"]
[EventRounds "6"]
[EventCountry "ITA"]
[SourceTitle "EXT 2018"]
[Source "ChessBase"]
[SourceDate "2017.10.13"]
[SourceVersion "1"]
[SourceVersionDate "2017.10.13"]
[SourceQuality "1"]

1. Nf3 d5 2. d4 Nf6 3. Bf4 c5 4. e3 Nc6 5. dxc5 e6 6. Nbd2 Bxc5 7. c3 Be7 8. h3 0-0 9. Bd3 Re8 10. e4 e5 11. Bh2 Bd6 12. 0-0 dxe4 13. Nxe4 Nxe4 14. Bxe4 f5 15. Bd5+ Kh8 16. Qa4 Qc7 17. Ng5 h6 18. Nf7+ Kh7 19. Nxd6 Qxd6 20. Rad1 Qf6 21. Rfe1 Bd7 22. f4 Rad8 23. fxe5 Nxe5 24. Qxa7 Nc6 25. Qxb7 Rxe1+ 26. Rxe1 1-0

[Event "Porto Sant Elpidio op-A 16th"]
[Site "Porto Sant Elpidio"]
[Date "2013.11.24"]
[Round "5"]
[White "Piergentili, Roberto"]
[Black "Iori, Massimiliano"]
[Result "0-1"]
[WhiteElo "1762"]
[BlackElo "1984"]
[PlyCount "126"]
[EventDate "2013.11.16"]
[EventType "swiss"]
[EventRounds "6"]
[EventCountry "ITA"]
[SourceTitle "EXT 2015"]
[Source "ChessBase"]
[SourceDate "2014.11.20"]
[SourceVersion "1"]
[SourceVersionDate "2014.11.20"]
[SourceQuality "1"]

1. d4 d5 2. c4 e6 3. Nc3 Nf6 4. cxd5 exd5 5. Bg5 Be7 6. Qc2 0-0 7. e3 Re8 8. Bd3 Nbd7 9. Nge2 c6 10. 0-0 h6 11. Bh4 Bd6 12. Kh1 Qc7 13. Bg3 Nh5 14. Bxd6 Qxd6 15. e4 dxe4 16. Nxe4 Qf8 17. Rae1 Ndf6 18. Nxf6+ Nxf6 19. Nf4 Bd7 20. Bc4 Qd6 21. Ng6 Be6 22. Bxe6 Rxe6 23. Rxe6 Qxe6 24. Ne5 Qxa2 25. Nc4 Rd8 26. Rd1 Qa6 27. h3 Qb5 28. Rd3 Qf5 29. Ne3 Qd7 30. Nc4 Nd5 31. Qd2 f6 32. Qa5 a6 33. Qd2 Re8 34. Rg3 Qc7 35. Rg4 Kh8 36. Kg1 Qe7 37. Kh2 Qe1 38. Qxe1 Rxe1 39. Na5 Re7 40. Rg3 Rc7 41. Nc4 c5 42. dxc5 Rxc5 43. Nd6 b5 44. Ne8 g5 45. Nd6 Rc6 46. Nf5 Kh7 47. Rd3 Rc5 48. Rd4 h5 49. Re4 h4 50. g3 hxg3+ 51. Kxg3 Kg6 52. Kg4 Rc4 53. Rxc4 bxc4 54. Nd6 f5+ 55. Kf3 Nb6 56. Ke3 Kf6 57. Kd4 Ke6 58. Nxc4 Nd7 59. Ne3 Nf6 60. b4 Ne4 61. f3 Nd2 62. f4 gxf4 63. Nf1 Nxf1 0-1

[Event "ITA-ch C"]
[Site "Civitanova Marche"]
[Date "2012.07.22"]
[Round "8"]
[White "Piergentili, Roberto"]
[Black "Medorini, Massimiliano"]
[Result "1-0"]
[WhiteElo "1713"]
[BlackElo "1884"]
[PlyCount "63"]
[EventDate "2012.07.15"]
[EventType "swiss"]
[EventRounds "8"]
[EventCountry "ITA"]
[SourceTitle "EXT 2023"]
[Source "ChessBase"]
[SourceDate "2022.10.05"]
[SourceVersion "1"]
[SourceVersionDate "2022.10.05"]
[SourceQuality "1"]

1. d4 d5 2. c4 c6 3. Nc3 dxc4 4. a4 e5 5. Nf3 exd4 6. Nxd4 Bc5 7. e3 Bxd4 8. exd4 Be6 9. Be2 Nf6 10. Bg5 Nbd7 11. Qc2 Qa5 12. Bd2 Qb6 13. Be3 Bd5 14. Ra3 0-0 15. 0-0 Rac8 16. a5 Qc7 17. Ra4 Rfe8 18. Rfa1 Qd6 19. R1a3 h5 20. Qd1 Ng4 21. Bxg4 hxg4 22. Qxg4 Re6 23. Bf4 Qe7 24. h4 Re8 25. Nxd5 cxd5 26. h5 Re4 27. Rg3 f6 28. h6 g5 29. Qf5 Rxf4 30. Qxf4 Nf8 31. Qf5 Qe4 32. Qxf6 1-0

[Event "ITA-ch C"]
[Site "Civitanova Marche"]
[Date "2012.07.20"]
[Round "6"]
[White "Vilona, Leonardo"]
[Black "Piergentili, Roberto"]
[Result "1-0"]
[WhiteElo "1806"]
[BlackElo "1713"]
[PlyCount "77"]
[EventDate "2012.07.15"]
[EventType "swiss"]
[EventRounds "8"]
[EventCountry "ITA"]
[SourceTitle "EXT 2023"]
[Source "ChessBase"]
[SourceDate "2022.10.05"]
[SourceVersion "1"]
[SourceVersionDate "2022.10.05"]
[SourceQuality "1"]

1. g3 d5 2. d4 Nf6 3. Bg2 c6 4. Nf3 e6 5. 0-0 Nbd7 6. c4 Bd6 7. Nc3 a6 8. c5 Bc7 9. b4 e5 10. e3 e4 11. Nd2 h5 12. f3 exf3 13. Nxf3 Nf8 14. e4 dxe4 15. Ng5 Ne6 16. Nxe6 Bxe6 17. Bg5 Qd7 18. Bxf6 gxf6 19. Nxe4 0-0-0 20. d5 cxd5 21. Nxf6 Qc6 22. Nxh5 Rh6 23. Nf4 Be5 24. Rb1 Kb8 25. Qd3 Rdh8 26. Nxe6 fxe6 27. Rbe1 Bc7 28. h4 Qd7 29. Re3 Qg7 30. Rb1 Rg8 31. Rb3 Rxh4 32. b5 axb5 33. Qxb5 Bxg3 34. Rxg3 Qd4+ 35. Rge3 Qd1+ 36. Qf1 Rxg2+ 37. Kxg2 Rg4+ 38. Rg3 Rxg3+ 39. Rxg3 1-0

[Event "Civitanova Marche Region-ch"]
[Site "Civitanova Marche"]
[Date "2011.05.15"]
[Round "4"]
[White "Renzetti, Leonardo"]
[Black "Piergentili, Roberto"]
[Result "1/2-1/2"]
[WhiteElo "1859"]
[BlackElo "1750"]
[PlyCount "48"]
[EventDate "2011.05.13"]
[EventType "swiss"]
[EventRounds "5"]
[EventCountry "ITA"]
[SourceTitle "EXT 2024"]
[Source "ChessBase"]
[SourceDate "2023.10.10"]
[SourceVersion "1"]
[SourceVersionDate "2023.10.10"]
[SourceQuality "1"]

1. d4 d5 2. Nf3 Nf6 3. c3 c5 4. e3 Nc6 5. Nbd2 e6 6. Qc2 Bd6 7. Be2 b6 8. 0-0 0-0 9. e4 cxd4 10. cxd4 dxe4 11. Nxe4 Bb7 12. Nxd6 Qxd6 13. Be3 Rac8 14. Qb3 Na5 15. Qa4 Bc6 16. Qd1 Be4 17. Rc1 Nd5 18. Qd2 Nc6 19. Bb5 Bxf3 20. gxf3 Nce7 21. Rxc8 Rxc8 22. Rc1 Rxc1+ 23. Qxc1 Nxe3 24. fxe3 g6 1/2-1/2

[Event "Offida Winter op 8th"]
[Site "Offida"]
[Date "2010.12.08"]
[Round "4"]
[White "Santinelli, Michele"]
[Black "Piergentili, Roberto"]
[Result "1-0"]
[WhiteElo "1747"]
[BlackElo "1791"]
[PlyCount "27"]
[EventDate "2010.12.05"]
[EventType "swiss"]
[EventRounds "6"]
[EventCountry "ITA"]
[SourceTitle "EXT 2024"]
[Source "ChessBase"]
[SourceDate "2023.10.10"]
[SourceVersion "1"]
[SourceVersionDate "2023.10.10"]
[SourceQuality "1"]

1. Nf3 Nf6 2. d4 d5 3. Bf4 c5 4. c3 Qb6 5. Qc2 cxd4 6. cxd4 Bf5 7. Qxf5 Nc6 8. Qc2 e6 9. e3 Bb4+ 10. Nbd2 0-0 11. Bd3 Rac8 12. Qd1 Ba5 13. Bd6 Rfe8 14. 0-0 1-0

[Event "San Benedetto del Tronto Martire 3rd"]
[Site "San Benedetto del Tronto"]
[Date "2010.11.13"]
[Round "4"]
[White "Piergentili, Roberto"]
[Black "Viviani, Alessio"]
[Result "1/2-1/2"]
[WhiteElo "1791"]
[BlackElo "1958"]
[PlyCount "59"]
[EventDate "2010.11.07"]
[EventType "swiss"]
[EventRounds "6"]
[EventCountry "ITA"]
[SourceTitle "EXT 2024"]
[Source "ChessBase"]
[SourceDate "2023.10.10"]
[SourceVersion "1"]
[SourceVersionDate "2023.10.10"]
[SourceQuality "1"]

1. d4 Nf6 2. c4 e5 3. dxe5 Ng4 4. Bf4 Nc6 5. Nf3 Bc5 6. e3 0-0 7. Be2 Qe7 8. Qd5 Re8 9. a3 a5 10. Nc3 Ngxe5 11. Bg5 Nxf3+ 12. Bxf3 Qe5 13. Qxe5 Nxe5 14. Be2 c6 15. Na4 Bf8 16. Nb6 Rb8 17. 0-0 Ng6 18. Bd3 Bc5 19. Bxg6 Bxb6 20. Bf4 Ra8 21. Bh5 d5 22. cxd5 cxd5 23. Rfd1 Be6 24. Bf3 Red8 25. Be5 Rac8 26. Bd4 Bxd4 27. Rxd4 Rc2 28. e4 Rxb2 29. exd5 Bf5 30. d6 1/2-1/2

[Event "Porto Sant Elpidio op-B 10th"]
[Site "Porto Sant Elpidio"]
[Date "2007.11.25"]
[Round "3"]
[White "Piergentili, Roberto"]
[Black "Binci, Luca"]
[Result "1/2-1/2"]
[WhiteElo "1787"]
[BlackElo "1650"]
[PlyCount "37"]
[EventDate "2007.11.24"]
[EventType "swiss"]
[EventRounds "6"]
[EventCountry "ITA"]
[SourceTitle "EXT 2010"]
[Source "ChessBase"]
[SourceDate "2010.11.25"]
[SourceVersion "1"]
[SourceVersionDate "2010.11.25"]
[SourceQuality "1"]

1. d4 Nf6 2. c4 g6 3. Nc3 Bg7 4. e4 d6 5. f3 0-0 6. Be3 Nc6 7. Qd2 e5 8. d5 Nd4 9. Nge2 Nxe2 10. Bxe2 a6 11. 0-0 Nh5 12. c5 f5 13. cxd6 cxd6 14. Na4 Nf4 15. Nb6 Rb8 16. Nxc8 Rxc8 17. Rfc1 Qg5 18. Bf1 Nh3+ 19. Kh1 1/2-1/2

[Event "Porto Sant Elpidio op-B 9th"]
[Site "Porto Sant Elpidio"]
[Date "2006.11.18"]
[Round "1"]
[White "Marini, Jacopo"]
[Black "Piergentili, Roberto"]
[Result "0-1"]
[WhiteElo "1472"]
[BlackElo "1721"]
[PlyCount "105"]
[EventDate "2006.11.18"]
[EventType "swiss"]
[EventRounds "6"]
[EventCountry "ITA"]
[SourceTitle "EXT 2011"]
[Source "ChessBase"]
[SourceDate "2010.11.26"]
[SourceVersion "1"]
[SourceVersionDate "2010.11.26"]
[SourceQuality "1"]

1. e4 c5 2. Nf3 d6 3. Nc3 Nc6 4. d4 cxd4 5. Nxd4 Nf6 6. Bc4 e6 7. 0-0 a6 8. Re1 Be7 9. Bg5 Qc7 10. a3 0-0 11. Qd2 h6 12. Bh4 Bd7 13. Bb3 Rfe8 14. Rad1 Rad8 15. Qd3 Nxd4 16. Qxd4 Bc6 17. Bc4 b5 18. Bd3 d5 19. e5 Ne4 20. Bxe7 Qxe7 21. Qb6 Nxc3 22. bxc3 Bb7 23. Be2 Rc8 24. Rd3 Rc6 25. Qa5 Rec8 26. Rb1 Qc7 27. Qxc7 R8xc7 28. Rb3 Rc5 29. Re3 d4 30. cxd4 Rxc2 31. h3 Bd5 32. Rb1 Rd2 33. Rd1 Rcc2 34. Rxd2 Rxd2 35. Rc3 Rxd4 36. Bd3 g6 37. Be2 Re4 38. Re3 Rxe3 39. fxe3 g5 40. Kf2 Kg7 41. Bd3 f6 42. exf6+ Kxf6 43. e4 Bc6 44. Ke3 Ke5 45. g4 a5 46. Bc2 b4 47. axb4 axb4 48. Bd3 b3 49. Bb1 Bb5 50. Bd3 Bxd3 51. Kxd3 b2 52. Kc2 Kxe4 53. Kxb2 0-1

[Event "Porto Sant Elpidio op-B 7th"]
[Site "Porto Sant Elpidio"]
[Date "2004.11.21"]
[Round "5"]
[White "Guerra, Renzo"]
[Black "Piergentili, Roberto"]
[Result "1-0"]
[WhiteElo "1518"]
[BlackElo "1700"]
[PlyCount "65"]
[EventDate "2004.11.13"]
[EventType "swiss"]
[EventRounds "6"]
[EventCountry "ITA"]
[SourceTitle "EXT 2024"]
[Source "ChessBase"]
[SourceDate "2023.10.10"]
[SourceVersion "1"]
[SourceVersionDate "2023.10.10"]
[SourceQuality "1"]

1. c4 Nf6 2. Nf3 e6 3. Nc3 Be7 4. g3 Nc6 5. Bg2 d5 6. cxd5 exd5 7. 0-0 d4 8. Nb5 a6 9. Qa4 Bd7 10. Nbxd4 Nxd4 11. Qxd4 Rb8 12. d3 c5 13. Qc3 0-0 14. Qc2 Bc6 15. Bf4 Rc8 16. Rfd1 Nd5 17. Be5 f6 18. Bc3 Nxc3 19. Qxc3 Bd6 20. d4 Qe7 21. d5 Bd7 22. Re1 c4 23. a3 b5 24. Qc2 Bg4 25. Nd4 Qd7 26. Rad1 Rce8 27. Qd2 h5 28. Ne6 Rf7 29. f3 Bxe6 30. dxe6 Bc5+ 31. Kh1 Qxd2 32. exf7+ Kxf7 33. Rxd2 1-0